Normal view MARC view

Entry Personal Name

Number of records used in: 1

001 - CONTROL NUMBER

  • control field: 9463

003 - CONTROL NUMBER IDENTIFIER

  • control field: DLC

005 - DATE AND TIME OF LATEST TRANSACTION

  • control field: 20230912145902.0

008 - FIXED-LENGTH DATA ELEMENTS

  • fixed length control field: 940901n| azannaabn |a aaa c

010 ## - LIBRARY OF CONGRESS CONTROL NUMBER

  • LC control number: no 94030296

035 ## - SYSTEM CONTROL NUMBER

  • System control number: (OCoLC)oca03675324

040 ## - CATALOGING SOURCE

  • Original cataloging agency: OCl
  • Language of cataloging: eng
  • Description conventions: rda
  • Transcribing agency: OCl
  • Modifying agency: UkOxU
  • Modifying agency: DLC
  • Modifying agency: InU

046 ## - SPECIAL CODED DATES

  • Birth date: 19570518

100 1# - HEADING--PERSONAL NAME

  • Personal name: Martin, Andrew,
  • Dates associated with a name: 1957-

370 ## - ASSOCIATED PLACE

  • Place of birth: West Ham (London, England)
  • Source of term: naf

372 ## - FIELD OF ACTIVITY

  • Field of activity: Chess players
  • Source of term: lcsh

400 1# - SEE FROM TRACING--PERSONAL NAME

  • Control subfield: nne
  • Personal name: Martin, Andrew,
  • Titles and other words associated with a name: International Master

670 ## - SOURCE DATA FOUND

  • Source citation: Scandinavian defence, 1991:
  • Information found: t.p. (International Master Andrew Martin)

670 ## - SOURCE DATA FOUND

  • Source citation: The contemporary anti-Dutch, 1990:
  • Information found: t.p. (Andrew Martin)

670 ## - SOURCE DATA FOUND

  • Source citation: Starting out, the Sicilian dragon, 2007:
  • Information found: container (Andrew Martin; earned International Master title in chess; chess trainer and writer)

670 ## - SOURCE DATA FOUND

  • Source citation: ChessBase Shop, October 25, 2013
  • Information found: author page (Andrew David Martin; born May 18, 1957, West Ham, London; chess columnist and author of books on chess; lives in Sandhurst, England)

Powered by Koha